Mixed Word: Musical Instruments Quiz Stats

Quiz Updated Oct 20, 2016

Challenge
Share
Tweet
Embed
Score 0/18 Timer 04:00
0 Plays Today
Scrambled Unscrambled % Correct
LIVOINViolin
98.7%
BOEOOboe
98.3%
ETLULute
96.5%
CRHFEN NHROFrench Horn
88.7%
LOPNEXHYOXylophone
82.3%
GRUAITGuitar
81.6%
EULKEULUkulele
75.9%
POILCOCPiccolo
68.5%
XEPASONHOSaxophone
68.2%
Scrambled Unscrambled % Correct
HDARRPOSHICHarpsichord
61.8%
SANOBOSBassoon
61.3%
BNORTOEMTrombone
59.1%
NACOICODRAccordion
54.8%
RCERERODRecorder
54.4%
CTILENRAClarinet
45.9%
TIZRHEZither
41.9%
MEUUINHOPEuphonium
18.6%
MIDLRECUDulcimer
8.3%

You're not logged in!

Compare scores with friends on all Sporcle quizzes.
Join for Free
OR
Log In

You Might Also Like...

Show Comments

Extras

Top Quizzes Today


Score Distribution

Your Account Isn't Verified!

In order to create a playlist on Sporcle, you need to verify the email address you used during registration. Go to your Sporcle Settings to finish the process.

Report this User

Report this user for behavior that violates our Community Guidelines.

Details: